000 00839nam a2200241 i 4500
001 51588
003 ES-MaACL
005 20250803063049.0
007 t|
008 030813s1923 ne |||| | spa d
080 _a821.134.2
080 _a821.112.5
100 1 _aDam, Cornelius Franz Adolf van,
_d1899-1972
_eaut
_942548
245 1 4 _aLas relaciones literarias entre España y Holanda :
_bconferencia dada en el Ateneo de Madrid /
_cpor Cornelius Frans Adolf van Dam
260 _aAmsterdam :
_bJ. Emmering,
_c1923
300 _a24 páginas ;
_c24 cm
610 2 4 _aAteneo de Madrid-
_vConferencias-
_y1900-1939
_91907
650 4 _aLiteratura española y literatura holandesa
_9166871
852 _aES-MaACL
_cDEPOF
_j1655-F-14
942 _2udc
_cFOLLETOS
_n0
999 _c51588
_d51588